[Event "Reykjavik op"]
[Site "Reykjavik"]
[Date "2010.02.28"]
[Round "6"]
[White "Andrason, Pall Snaedal"]
[Black "Botheim, Tor"]
[Result "0-1"]
[WhiteElo "1587"]
[BlackElo "1944"]
[PlyCount "90"]
[EventDate "2010.02.24"]
[EventType "swiss"]
[EventRounds "9"]
[EventCountry "ISL"]
[SourceTitle "CBM 135 Extra"]
[Source "ChessBase"]
[SourceDate "2010.05.04"]
[SourceVersion "1"]
[SourceVersionDate "2010.05.04"]
[SourceQuality "1"]

1. d4 Nf6 2. c4 g6 3. g3 Bg7 4. Bg2 0-0 5. Nc3 d6 6. Nf3 Nc6 7. 0-0 a6 8. Re1 Rb8 9. e4 Bg4 10. Be3 Nd7 11. h3 Bxf3 12. Bxf3 e5 13. d5 Nd4 14. Bg2 c5 15. Bxd4 exd4 16. Ne2 b5 17. cxb5 Rxb5 18. Rb1 Ne5 19. b3 Qb6 20. f4 Nd7 21. Qd3 Rb8 22. g4 c4 23. Qxc4 d3+ 24. Kh2 dxe2 25. Qxe2 a5 26. Rbc1 Rc5 27. Rc4 Rxc4 28. Qxc4 Qb4 29. Rc1 Qxc4 30. Rxc4 Nc5 31. e5 Bf8 32. Kg3 Rb4 33. e6 Rxc4 34. bxc4 fxe6 35. dxe6 Kg7 36. Bd5 Kf6 37. h4 Nxe6 38. h5 gxh5 39. Be4 h6 40. gxh5 Be7 41. Kg4 Bd8 42. Bd5 Bb6 43. Bxe6 Kxe6 44. f5+ Ke5 45. a3 a4 0-1